00562nam a2200193 a 4500001001300000003000900013005001700022008004100039020002300080082001800103100001800121245008000139260004400219300000900263500003500272505001000307650003300317700001800350nice12345678IN_TiNIC20260116012304.0050524s1985 usaa grp 000 0 eng  a0930811 c10000a016.0954bKHA aKhalidi, Omar aHyderabad State Under the Nizams, 1724-1948b Bibliography of Monographic & aUSAbHyderabad Historical Societyc1985 a171p aincludes index and biblioraphy2 aIndex aBibliography-Hyderabad State1 aKhalidi, Omar